[Event "HUN Ch Open"]
[Site "HUN"]
[Date "1988.??.??"]
[Round "?"]
[White "Teske, Henrik"]
[Black "Eisterer, Heinrich"]
[Result "1-0"]
[WhiteElo "2425"]
[BlackElo "2315"]
[PlyCount "57"]
[EventDate "1988.??.??"]
[Source "www.chesslib.no"]
[SourceDate "2004.05.04"]

1. e4 e5 2. Nf3 Nc6 3. Bc4 Bc5 4. c3 Nf6 5. d4 exd4 6. cxd4 Bb4+ 7. Nc3 Nxe4 8. O-O Bxc3 9. d5 Bf6 10. Re1 Ne7 11. Rxe4 d6 12. Bg5 Bxg5 13. Nxg5 h6 14. Qe2 hxg5 15. Re1 Be6 16. dxe6 f6 17. Re3 c6 18. Rh3 Rf8 19. Rh7 d5 20. Qh5+ g6 21. Qh6 Qa5 22. Rd1 O-O-O 23. Rxe7 dxc4 24. Red7 Qe5 25. Qg7 Rde8 26. Rxb7 Rd8 27. Rbd7 Qc5 28. Rxd8+ Rxd8 29. Rxd8+ 1-0

[Event "Badalona"]
[Site "Badalona"]
[Date "1996.??.??"]
[Round "?"]
[White "Arias Boo, Guillermo"]
[Black "Korneev, Oleg"]
[Result "0-1"]
[WhiteElo "2145"]
[BlackElo "2590"]
[PlyCount "74"]
[EventDate "1996.??.??"]
[Source "www.chesslib.no"]
[SourceDate "2004.05.04"]

1. e4 e5 2. Nf3 Nc6 3. Bc4 Bc5 4. c3 Nf6 5. d4 exd4 6. cxd4 Bb4+ 7. Nc3 Nxe4 8. O-O Bxc3 9. d5 Bf6 10. Re1 Ne7 11. Rxe4 d6 12. Bg5 Bxg5 13. Nxg5 h6 14. Qe2 hxg5 15. Re1 Be6 16. dxe6 f6 17. Re3 Kf8 18. Rh3 Rxh3 19. gxh3 g6 20. Qf3 Kg7 21. Qxb7 Qc8 22. Qxc8 Rxc8 23. b4 c6 24. a4 f5 25. Be2 Kf6 26. Bf3 Rb8 27. Rc1 d5 28. Rb1 Kxe6 29. Be2 Kd6 30. Bd3 d4 31. b5 Nd5 32. Rc1 Nc3 33. bxc6 Kxc6 34. Re1 Kd6 35. a5 Nd5 36. Bc4 Nf4 37. Kf1 Rb4 0-1

[Event "Corr"]
[Site "?"]
[Date "1995.11.15"]
[Round "?"]
[White "Prokhorov Vladimir Mikhailovi"]
[Black "Skulteti Andreas (GER)"]
[Result "0-1"]
[WhiteElo "2360"]
[BlackElo "2375"]
[PlyCount "50"]
[EventDate "1995.??.??"]
[Source "www.chesslib.no"]
[SourceDate "2004.05.04"]

1. e4 e5 2. Nf3 Nc6 3. Bc4 Bc5 4. c3 Nf6 5. d4 exd4 6. cxd4 Bb4+ 7. Nc3 Nxe4 8. O-O Bxc3 9. d5 Bf6 10. Re1 Ne7 11. Rxe4 d6 12. Bg5 Bxg5 13. Nxg5 h6 14. Bb5+ Bd7 15. Qe2 Bxb5 16. Qxb5+ Qd7 17. Qd3 hxg5 18. Rae1 O-O 19. Rxe7 Rae8 20. R7e3 Rxe3 21. Qxe3 Qb5 22. Qxg5 Qxb2 23. a4 Qb4 24. Rc1 Qxa4 25. h4 Qd7 0-1

[Event "FIN Team Ch"]
[Site "Finland"]
[Date "1992.??.??"]
[Round "?"]
[White "Sorri, Kari Juhani"]
[Black "Norri, Joose"]
[Result "1-0"]
[WhiteElo "2340"]
[BlackElo "2395"]
[PlyCount "77"]
[EventDate "1992.??.??"]
[Source "www.chesslib.no"]
[SourceDate "2004.05.04"]

1. e4 e5 2. Nf3 Nc6 3. Bc4 Bc5 4. c3 Nf6 5. d4 exd4 6. cxd4 Bb4+ 7. Nc3 Nxe4 8. O-O Bxc3 9. d5 Bf6 10. Re1 Ne7 11. Rxe4 d6 12. Bg5 Bxg5 13. Nxg5 O-O 14. Nxh7 Bf5 15. Rxe7 Qxe7 16. Nxf8 Rxf8 17. Qd2 Qe4 18. Bb5 c6 19. dxc6 bxc6 20. Re1 Qd5 21. Qxd5 cxd5 22. Re8 d4 23. Rxf8+ Kxf8 24. Kf1 Ke7 25. Ke2 d5 26. Bd3 Bd7 27. h4 Kd6 28. Kd2 Ke5 29. g3 g6 30. b4 Bh3 31. a4 Kd6 32. Be2 Bd7 33. a5 Bc8 34. g4 Ke5 35. h5 Kf6 36. b5 Kg7 37. Kd3 f5 38. Kxd4 fxg4 39. hxg6 1-0

[Event "Marseille"]
[Site "?"]
[Date "2005.06.28"]
[Round "5.14"]
[White "Leygue Dominique"]
[Black "Dobrev Nanko"]
[Result "1-0"]
[WhiteElo "2293"]
[BlackElo "2419"]
[PlyCount "67"]
[EventDate "2005.??.??"]
[Source "www.chesslib.no"]
[SourceDate "2004.05.04"]

1. e4 e5 2. Nf3 Nc6 3. Bc4 Bc5 4. c3 Nf6 5. d4 exd4 6. cxd4 Bb4+ 7. Nc3 Nxe4 8. O-O Bxc3 9. d5 Bf6 10. Re1 Ne7 11. Rxe4 d6 12. Bg5 O-O 13. Bxf6 gxf6 14. Qd4 Ng6 15. Rae1 c5 16. Qc3 Bd7 17. h4 b5 18. Bf1 Re8 19. Rxe8+ Bxe8 20. h5 Ne5 21. Nh4 Bd7 22. Qg3+ Kh8 23. f4 Ng4 24. Bxb5 Rb8 25. Be2 Qg8 26. Qc3 Qg7 27. Bxg4 Bxg4 28. Re7 Bxh5 29. Nf5 Qg6 30. Nxd6 Rb4 31. Qxc5 Qb1+ 32. Kh2 Rxf4 33. Re4 Rxe4 34. Nxe4 1-0

[Event "Petroff Mem Open"]
[Site "St Petersburg RUS"]
[Date "2000.02.13"]
[Round "6"]
[White "Markarov, A."]
[Black "Akhmetov, A."]
[Result "1/2-1/2"]
[WhiteElo "2274"]
[BlackElo "2438"]
[PlyCount "119"]
[EventDate "2000.02.05"]
[Source "www.chesslib.no"]
[SourceDate "2004.05.04"]

1. e4 e5 2. Nf3 Nc6 3. Bc4 Bc5 4. c3 Nf6 5. d4 exd4 6. cxd4 Bb4+ 7. Nc3 Nxe4 8. O-O Bxc3 9. d5 Ne5 10. Qe2 O-O 11. bxc3 Nxc4 12. Qxe4 Nd6 13. Qd3 Ne8 14. Bg5 f6 15. Bf4 d6 16. Rfe1 g5 17. Bd2 Ng7 18. Nd4 Re8 19. f4 g4 20. c4 Bd7 21. Bc3 c6 22. f5 cxd5 23. cxd5 Qb6 24. Kh1 Re5 25. Ne6 Bxe6 26. fxe6 Rf5 27. Rf1 Qa6 28. Qxa6 bxa6 29. Rxf5 Nxf5 30. Bxf6 Ne3 31. Be7 Nxd5 32. Bxd6 Rd8 33. Bc5 Re8 34. Rd1 Nf4 35. e7 Ng6 36. Rd4 Nxe7 37. Rxg4+ Ng6 38. Bxa7 Re1+ 39. Bg1 Kf7 40. h3 Ke6 41. Ra4 Kf5 42. Kh2 Nf4 43. Bf2 Re2 44. Kg1 Nd3 45. Bg3 Re6 46. Kh2 Rc6 47. Rd4 Nc1 48. Rf4+ Kg6 49. Rf2 Rc4 50. a3 a5 51. Rf3 Ne2 52. Be5 Re4 53. Bb2 h5 54. Rf6+ Kg5 55. Rb6 a4 56. Rb5+ Kg6 57. Rb6+ Kg5 58. Rb4 Kf5 59. Rb5+ Kg6 60. Rb6+ 1/2-1/2

[Event "Abu Dhabi (14eme open)"]
[Site "?"]
[Date "2005.08.21"]
[Round "7"]
[White "Boricsev Oleg"]
[Black "Himdan Maher"]
[Result "0-1"]
[WhiteElo "2373"]
[BlackElo "2337"]
[PlyCount "48"]
[EventDate "2005.??.??"]
[Source "www.chesslib.no"]
[SourceDate "2004.05.04"]

1. e4 e5 2. Nf3 Nc6 3. Bc4 Bc5 4. c3 Nf6 5. d4 exd4 6. cxd4 Bb4+ 7. Nc3 Nxe4 8. O-O Bxc3 9. d5 Bf6 10. Re1 Ne7 11. Rxe4 d6 12. Bg5 Bxg5 13. Nxg5 h6 14. Qe2 hxg5 15. Bb5+ c6 16. dxc6 Kf8 17. Re1 Be6 18. cxb7 Rb8 19. Ba6 d5 20. Re5 Nc6 21. Rxe6 fxe6 22. Qxe6 Rh6 23. Qf5+ Kg8 24. Rc1 Ne7 0-1

[Event "Corr"]
[Site "Cuba corr"]
[Date "1994.??.??"]
[Round "?"]
[White "Hernandez Molina, David"]
[Black "Perez Cruz, Francisco Hipolito"]
[Result "1/2-1/2"]
[WhiteElo "2335"]
[BlackElo "2370"]
[PlyCount "80"]
[EventDate "1994.??.??"]
[Source "www.chesslib.no"]
[SourceDate "2004.05.04"]

1. e4 e5 2. Nf3 Nc6 3. Bc4 Bc5 4. c3 Nf6 5. d4 exd4 6. cxd4 Bb4+ 7. Nc3 Nxe4 8. O-O Bxc3 9. d5 Bf6 10. Re1 Ne7 11. Rxe4 d6 12. Bg5 Bxg5 13. Nxg5 h6 14. Bb5+ Bd7 15. Qe2 Bxb5 16. Qxb5+ Qd7 17. Qxb7 O-O 18. Rae1 Ng6 19. Nf3 Rfb8 20. Qa6 Rxb2 21. Nd4 Ne5 22. Nb3 Qf5 23. R4e2 Rxe2 24. Qxe2 Nd3 25. Rd1 Nf4 26. Qf3 Re8 27. Nd4 Qe4 28. Qxe4 Rxe4 29. Kf1 Nxd5 30. Nb5 a6 31. Nxd6 cxd6 32. Rxd5 Ra4 33. Rxd6 Rxa2 34. Ke1 a5 35. g4 a4 36. h4 a3 37. Ra6 Ra1+ 38. Ke2 a2 39. Kf3 Kf8 40. h5 Ke7 1/2-1/2

[Event "Warsaw"]
[Site "Warsaw POL"]
[Date "1988.??.??"]
[Round "10"]
[White "Latas, Boguslaw"]
[Black "Zielinski, Marek"]
[Result "0-1"]
[WhiteElo "2310"]
[BlackElo "2395"]
[PlyCount "90"]
[EventDate "1988.??.??"]
[Source "www.chesslib.no"]
[SourceDate "2004.05.04"]

1. e4 e5 2. Nf3 Nc6 3. Bc4 Bc5 4. c3 Nf6 5. d4 exd4 6. cxd4 Bb4+ 7. Nc3 Nxe4 8. O-O Bxc3 9. bxc3 d5 10. Ba3 dxc4 11. Re1 Be6 12. Rxe4 Qd5 13. Re3 O-O-O 14. Rb1 Bf5 15. Rb2 Qa5 16. Bb4 Nxb4 17. Rxb4 Qxa2 18. Ne5 Be6 19. Ra4 Qb3 20. Qa1 a6 21. Rb4 Qc2 22. g4 h5 23. Rb2 Qh7 24. g5 Qf5 25. Qb1 Qxb1+ 26. Rxb1 Rhe8 27. Rbe1 Rf8 28. h4 Bd5 29. Kh2 b5 30. Kg3 Kb7 31. f4 Kb6 32. f5 a5 33. Ra1 a4 34. Re2 c6 35. Kf4 Kc7 36. Rae1 Kb6 37. Rb1 Kc7 38. Rbe1 Rfe8 39. f6 g6 40. Re3 Rf8 41. Nf3 Bxf3 42. Kxf3 Rd7 43. Re8 Rxe8 44. Rxe8 Kb6 45. Re7 Ra7 0-1

[Event "Reykjavik Open"]
[Site "Reykjavik ISL"]
[Date "1986.??.??"]
[Round "7"]
[White "Thorhallsson, Throstur"]
[Black "Schussler, Harry"]
[Result "0-1"]
[WhiteElo "2245"]
[BlackElo "2455"]
[PlyCount "90"]
[EventDate "1986.02.??"]
[Source "www.chesslib.no"]
[SourceDate "2004.05.04"]

1. e4 e5 2. Nf3 Nc6 3. Bc4 Bc5 4. c3 Nf6 5. d4 exd4 6. cxd4 Bb4+ 7. Nc3 Nxe4 8. O-O Bxc3 9. d5 Bf6 10. Re1 Ne7 11. Rxe4 d6 12. Bg5 Bxg5 13. Nxg5 O-O 14. Nxh7 Bf5 15. Rh4 Re8 16. Qh5 Ng6 17. Rd4 Re5 18. Ng5 Qf6 19. h4 Rae8 20. Nf3 Re4 21. Rxe4 Rxe4 22. Bb3 Rg4 23. Re1 Rxg2+ 24. Kh1 Bg4 25. Re8+ Nf8 26. Qh8+ Kxh8 27. Rxf8+ Kh7 28. Ng5+ Kg6 29. Kxg2 Bf5 30. Rxf7 Qd4 31. f4 Qxf4 32. Rxc7 Qg4+ 33. Kf1 Qh5 34. Ne6 Bd3+ 35. Kg2 Qg4+ 36. Kf2 Qe2+ 37. Kg3 Qe1+ 38. Kf3 Be2+ 39. Ke3 Bf1+ 40. Kf3 Be2+ 41. Ke3 Kf6 42. Rc3 Bf1+ 43. Kf3 Qe2+ 44. Kg3 Qg2+ 45. Kf4 g5+ 0-1

[Event "Corr"]
[Site "?"]
[Date "2001.08.16"]
[Round "?"]
[White "Krcmarik Jan"]
[Black "Cepela Vladimir"]
[Result "0-1"]
[WhiteElo "2261"]
[BlackElo "2427"]
[PlyCount "66"]
[EventDate "2001.??.??"]
[Source "www.chesslib.no"]
[SourceDate "2004.05.04"]

1. e4 e5 2. Nf3 Nc6 3. Bc4 Bc5 4. c3 Nf6 5. d4 exd4 6. cxd4 Bb4+ 7. Nc3 Nxe4 8. O-O Bxc3 9. d5 Bf6 10. Re1 Ne7 11. Rxe4 d6 12. Bg5 Bxg5 13. Nxg5 h6 14. Qe2 hxg5 15. Re1 Be6 16. dxe6 f6 17. Re3 c6 18. Rh3 Rxh3 19. gxh3 g6 20. b4 Qb6 21. Qb2 O-O-O 22. b5 Rf8 23. a4 d5 24. Qd2 Rd8 25. a5 dxc4 26. axb6 Rxd2 27. bxa7 Ra2 28. b6 c3 29. Re2 Ra1+ 30. Kg2 Kd8 31. Re1 Ra3 32. h4 gxh4 33. Kh3 Nd5 0-1

[Event "Cappelle Open"]
[Site "Cappelle la Grande FRA"]
[Date "1994.??.??"]
[Round "5"]
[White "Caruso, Augusto"]
[Black "Ziatdinov, Raset"]
[Result "1-0"]
[WhiteElo "2235"]
[BlackElo "2450"]
[PlyCount "80"]
[EventDate "1994.02.??"]
[Source "www.chesslib.no"]
[SourceDate "2004.05.04"]

1. e4 e5 2. Nf3 Nc6 3. Bc4 Bc5 4. c3 Nf6 5. d4 exd4 6. cxd4 Bb4+ 7. Nc3 Nxe4 8. O-O Bxc3 9. d5 Bf6 10. Re1 Ne7 11. Rxe4 d6 12. Bg5 Bxg5 13. Nxg5 O-O 14. Nxh7 Bf5 15. Rh4 Ng6 16. Rd4 Kxh7 17. Qh5+ Kg8 18. Qxf5 Re8 19. Bd3 Re5 20. Qg4 Nf8 21. Rf1 Rg5 22. Qh3 Qf6 23. Rh4 g6 24. f4 Rxd5 25. Be4 Rd2 26. f5 Qd4+ 27. Kh1 Rd1 28. g3 Re8 29. Bc6 Qxh4 30. gxh4 Rxf1+ 31. Qxf1 bxc6 32. Qa6 gxf5 33. a4 f4 34. Qxa7 Re2 35. Kg1 Ne6 36. b4 f3 37. a5 Nf4 38. Kf1 Rc2 39. Qe3 Nd5 40. Qxf3 Rc1+ 1-0

[Event "Kuopio Open"]
[Site "Kuopio"]
[Date "1992.??.??"]
[Round "8"]
[White "Pyhala, Antti"]
[Black "Nevanlinna, Risto"]
[Result "0-1"]
[WhiteElo "2390"]
[BlackElo "2290"]
[PlyCount "98"]
[EventDate "1992.07.??"]
[Source "www.chesslib.no"]
[SourceDate "2004.05.04"]

1. e4 e5 2. Nf3 Nc6 3. Bc4 Bc5 4. c3 Nf6 5. d4 exd4 6. cxd4 Bb4+ 7. Nc3 Nxe4 8. O-O Bxc3 9. d5 Bf6 10. Re1 Ne7 11. Rxe4 d6 12. Bg5 Bxg5 13. Nxg5 h6 14. Qe2 hxg5 15. Re1 Be6 16. dxe6 f6 17. Re3 Kf8 18. Rh3 Rxh3 19. gxh3 g6 20. Qf3 Kg7 21. Qxb7 Qb8 22. Qf3 c6 23. Bb3 d5 24. Re3 Qf4 25. Qe2 Rh8 26. Qa6 Qc7 27. Bc2 g4 28. hxg4 Qxh2+ 29. Kf1 Qh1+ 30. Ke2 Qc1 31. Qa4 Qxb2 32. Qb3 Rb8 33. Qd3 Qxa2 34. Kf3 Qb2 35. Kg2 Rb4 36. Rg3 Qe5 37. Qa3 Qd4 38. Rb3 Qxg4+ 39. Rg3 Qd4 40. Qa5 Qb6 41. Qa1 Rf4 42. Qe1 Qd4 43. Qe2 c5 44. Bb1 c4 45. f3 Qe5 46. Qc2 f5 47. Qc1 Qe2+ 48. Kg1 Rd4 49. Bc2 Rd2 0-1

[Event "It (Open) Bar SCG"]
[Site "?"]
[Date "2005.03.04"]
[Round "1"]
[White "Anicic Vuko"]
[Black "Abramovic Bosko"]
[Result "0-1"]
[WhiteElo "2201"]
[BlackElo "2478"]
[PlyCount "88"]
[EventDate "2005.??.??"]
[Source "www.chesslib.no"]
[SourceDate "2004.05.04"]

1. e4 e5 2. Nf3 Nc6 3. Bc4 Bc5 4. c3 Nf6 5. d4 exd4 6. cxd4 Bb4+ 7. Nc3 Nxe4 8. O-O Bxc3 9. d5 Ne5 10. Qe2 O-O 11. bxc3 Nxc4 12. Qxc4 Nd6 13. Qd3 Qf6 14. Re1 b6 15. Bg5 Qf5 16. Qxf5 Nxf5 17. g4 h6 18. Bf4 Nd6 19. Bxd6 cxd6 20. Nd4 Bb7 21. Nf5 g6 22. Nxh6+ Kg7 23. g5 Bxd5 24. Ng4 Be6 25. Nf6 Rac8 26. Re3 Rc4 27. Rd1 Rfc8 28. Kg2 Rxc3 29. Rxd6 Rxe3 30. fxe3 Rc2+ 31. Kg3 Rxa2 32. Rd4 Re2 33. Rd3 Rc2 34. Rd4 a5 35. Rh4 Kf8 36. e4 Ke7 37. Rh8 Kd6 38. Kf4 Rf2+ 39. Ke3 Rg2 40. Kf4 Kc5 41. Rc8+ Kb4 42. Nd5+ Bxd5 43. exd5 a4 44. Ra8 a3 0-1

[Event "Corr"]
[Site "?"]
[Date "2002.03.01"]
[Round "?"]
[White "De Lorenzo Giancarlo (ITA)"]
[Black "Munoz Osorio Juan Manuel (ESP"]
[Result "1-0"]
[WhiteElo "2369"]
[BlackElo "2308"]
[PlyCount "49"]
[EventDate "2002.??.??"]
[Source "www.chesslib.no"]
[SourceDate "2004.05.04"]

1. e4 e5 2. Nf3 Nc6 3. Bc4 Bc5 4. c3 Nf6 5. d4 exd4 6. cxd4 Bb4+ 7. Nc3 Nxe4 8. O-O Bxc3 9. d5 Bf6 10. Re1 Ne7 11. Rxe4 d6 12. Bg5 Bxg5 13. Nxg5 h6 14. Qe2 Bf5 15. Re3 hxg5 16. Re1 Kf8 17. Rxe7 Be6 18. Rxe6 fxe6 19. dxe6 Qf6 20. e7+ Ke8 21. Qc2 Rb8 22. Re6 Qf4 23. g3 Qf3 24. Be2 Qd5 25. Qxc7 1-0

[Event "Corr"]
[Site "?"]
[Date "1995.06.30"]
[Round "?"]
[White "Mathias Manfred (GER)"]
[Black "Chorvat Ing.Marian (SVK)"]
[Result "0-1"]
[WhiteElo "2370"]
[BlackElo "2305"]
[PlyCount "110"]
[EventDate "1995.??.??"]
[Source "www.chesslib.no"]
[SourceDate "2004.05.04"]

1. e4 e5 2. Nf3 Nc6 3. Bc4 Bc5 4. c3 Nf6 5. d4 exd4 6. cxd4 Bb4+ 7. Nc3 Nxe4 8. O-O O-O 9. d5 Bxc3 10. bxc3 Ne7 11. Re1 Nf6 12. d6 Nf5 13. dxc7 Qxc7 14. Qb3 d5 15. Bd3 Be6 16. Rb1 b6 17. Qc2 g6 18. Bb2 Ne8 19. Re2 Neg7 20. Rbe1 Rfe8 21. Qd2 Nd6 22. c4 dxc4 23. Qc3 f6 24. Bxg6 hxg6 25. Qxf6 Qf7 26. Rxe6 Qxf6 27. Rxf6 Rxe1+ 28. Nxe1 Re8 29. Nf3 Re2 30. Be5 Nf7 31. Bd4 Re6 32. Kf1 Rxf6 33. Bxf6 b5 34. Bc3 Ne6 35. h4 Nf4 36. a3 Nd5 37. Bb4 a6 38. g3 Kg7 39. Ke2 Kf6 40. Ba5 Nd6 41. g4 Nb7 42. Bd2 a5 43. Bg5+ Kg7 44. Ne5 c3 45. Kd3 b4 46. Kc4 Nb6+ 47. Kd4 Nc5 48. axb4 axb4 49. f3 Nd5 50. Nc4 Ne6+ 51. Kd3 Nxg5 52. hxg5 b3 53. Na3 Kf7 54. f4 c2 55. Nxc2 Nxf4+ 0-1

[Event "Budapest FS03 IM"]
[Site "Budapest HUN"]
[Date "1993.??.??"]
[Round "10"]
[White "Armanda, Ivica"]
[Black "Dumitrache, Dragos"]
[Result "0-1"]
[WhiteElo "2285"]
[BlackElo "2385"]
[PlyCount "64"]
[EventDate "1993.03.??"]
[Source "www.chesslib.no"]
[SourceDate "2004.05.04"]

1. e4 e5 2. Nf3 Nc6 3. Bc4 Bc5 4. c3 Nf6 5. d4 exd4 6. cxd4 Bb4+ 7. Nc3 Nxe4 8. O-O Bxc3 9. d5 Bf6 10. Re1 Ne7 11. Rxe4 d6 12. Bg5 Bxg5 13. Nxg5 h6 14. Qh5 O-O 15. Rae1 Nf5 16. Ne6 fxe6 17. dxe6 Ne7 18. Rg4 Rf6 19. Rg6 Rxg6 20. Qxg6 Qf8 21. Qe4 a5 22. Re3 d5 23. Bxd5 Ra6 24. Rf3 Qe8 25. Bb3 Qc6 26. Qf4 Bxe6 27. Qf8+ Kh7 28. Re3 Qd7 29. Bc2+ Bf5 30. Bb3 Rf6 31. Qa8 Qd2 32. h4 Be4 0-1

[Event "Bordeaux"]
[Site "Bordeaux FRA"]
[Date "1990.??.??"]
[Round "8"]
[White "Etchegaray, Patrice"]
[Black "Izeta Txabarri, Felix"]
[Result "1-0"]
[WhiteElo "2280"]
[BlackElo "2380"]
[PlyCount "77"]
[EventDate "1990.??.??"]
[Source "www.chesslib.no"]
[SourceDate "2004.05.04"]

1. e4 e5 2. Nf3 Nc6 3. Bc4 Bc5 4. c3 Nf6 5. d4 exd4 6. cxd4 Bb4+ 7. Nc3 Nxe4 8. O-O Bxc3 9. d5 Bf6 10. Re1 Ne7 11. Rxe4 d6 12. Bg5 Bxg5 13. Nxg5 h6 14. Qe2 hxg5 15. Re1 Be6 16. dxe6 f6 17. Re3 c6 18. Rh3 Rf8 19. Rh7 g6 20. Qc2 Qa5 21. b4 Qc7 22. Qxg6+ Nxg6 23. Rxc7 Ne5 24. Bb3 b5 25. Rh7 d5 26. Bd1 g4 27. Rxe5 fxe5 28. Bxg4 Rf4 29. Bh5+ Kf8 30. Rh8+ Ke7 31. Rxa8 Rxb4 32. Re8+ Kf6 33. h3 d4 34. Bg4 d3 35. Rf8+ Ke7 36. Rf7+ Ke8 37. Rxa7 Rxg4 38. hxg4 c5 39. Kf1 1-0

[Event "Weihnachtsopen Masters"]
[Site "Zurigo SVI"]
[Date "2006.12.28"]
[Round "4"]
[White "Schneider, Hei"]
[Black "Fleck, Ju"]
[Result "0-1"]
[WhiteElo "2223"]
[BlackElo "2429"]
[PlyCount "80"]
[EventDate "2006.12.26"]
[Source "www.chesslib.no"]
[SourceDate "2004.05.04"]

1. e4 e5 2. Nf3 Nc6 3. Bc4 Bc5 4. c3 Nf6 5. d4 exd4 6. cxd4 Bb4+ 7. Nc3 Nxe4 8. O-O Bxc3 9. d5 Bf6 10. Re1 Ne7 11. Rxe4 d6 12. Bg5 Bxg5 13. Nxg5 h6 14. Qe2 hxg5 15. Re1 Be6 16. dxe6 f6 17. Re3 c6 18. Rh3 Rxh3 19. gxh3 g6 20. Qd2 Kf8 21. h4 gxh4 22. Qh6+ Kg8 23. Bd3 Qa5 24. Re4 Qg5+ 25. Qxg5 fxg5 26. Rg4 Kg7 27. Rxg5 Kf6 28. Rg4 Rh8 29. Kg2 Rh6 30. Rb4 b5 31. a4 a6 32. axb5 axb5 33. Re4 Rh5 34. f4 Rd5 35. Re3 Rd4 36. Kf3 Nd5 37. e7 Rxf4+ 38. Ke2 Nxe7 39. Be4 d5 40. Bf3 Nf5 0-1

[Event "AUT-chT2W 9697"]
[Site "Austria"]
[Date "1996.??.??"]
[Round "1"]
[White "Fuchs, Georg"]
[Black "Acs, Peter"]
[Result "0-1"]
[WhiteElo "2210"]
[BlackElo "2440"]
[PlyCount "96"]
[EventDate "1996.??.??"]
[Source "www.chesslib.no"]
[SourceDate "2004.05.04"]

1. e4 e5 2. Nf3 Nc6 3. Bc4 Bc5 4. c3 Nf6 5. d4 exd4 6. cxd4 Bb4+ 7. Nc3 Nxe4 8. O-O Bxc3 9. d5 Bf6 10. Re1 Ne7 11. Rxe4 d6 12. Bg5 Bxg5 13. Nxg5 h6 14. Qe2 hxg5 15. Re1 Be6 16. dxe6 f6 17. Re3 Kf8 18. Qd3 Qe8 19. Rh3 Rxh3 20. Qxh3 Kg8 21. Bd3 g6 22. Qf3 Kg7 23. Qxb7 Qb8 24. Qf3 d5 25. Rc1 c6 26. Qe3 Qb6 27. Qe2 Rb8 28. b3 Qd4 29. g3 Rb6 30. Qd2 Qb4 31. Qc2 Qd6 32. Re1 Rb7 33. Kg2 c5 34. Rc1 Rc7 35. Qe2 Qe5 36. Qg4 Nf5 37. h4 Qxe6 38. Qd1 Nd4 39. h5 f5 40. g4 fxg4 41. hxg6 Nf3 42. Qe2 Qf6 43. Qe8 Re7 44. Qb5 Qf4 45. Rh1 Nh4+ 46. Kg1 g3 47. Qxc5 gxf2+ 48. Qxf2 Qg4+ 0-1

[Event "Kastel Stari op"]
[Site "Kastel Stari"]
[Date "1997.??.??"]
[Round "6"]
[White "Armanda, Ivica"]
[Black "Kutuzovic, Branko"]
[Result "0-1"]
[WhiteElo "2255"]
[BlackElo "2395"]
[PlyCount "70"]
[EventDate "1997.04.11"]
[Source "ChessBase"]

1. e4 e5 2. Nf3 Nc6 3. Bc4 Bc5 4. c3 Nf6 5. d4 exd4 6. cxd4 Bb4+ 7. Nc3 Nxe4 8. O-O Bxc3 9. d5 Bf6 10. Re1 Ne7 11. Rxe4 d6 12. Bg5 Bxg5 13. Nxg5 h6 14. Qe2 hxg5 15. Re1 Be6 16. dxe6 f6 17. Rg4 d5 18. Bb3 c6 19. h3 Qd6 20. Qe3 b6 21. Qd3 O-O-O 22. Bd1 c5 23. Qa6+ Kb8 24. Ra4 Qc7 25. Re3 Rd6 26. Bf3 Nc6 27. Qd3 Re8 28. g3 Ne5 29. Qf5 Qc6 30. Rea3 Nxf3+ 31. Qxf3 Re7 32. h4 d4 33. hxg5 Qxf3 34. Rxf3 d3 35. Ra3 d2 0-1

[Event "Mlada Boleslav Open"]
[Site "Mlada Boleslav CZE"]
[Date "1993.??.??"]
[Round "?"]
[White "Dgebuadze, Alexandre"]
[Black "Belaska, Premysl"]
[Result "1-0"]
[WhiteElo "2400"]
[BlackElo "2250"]
[PlyCount "69"]
[EventDate "1993.08.??"]
[Source "www.chesslib.no"]
[SourceDate "2004.05.04"]

1. e4 e5 2. Nf3 Nc6 3. Bc4 Bc5 4. c3 Nf6 5. d4 exd4 6. cxd4 Bb4+ 7. Nc3 d5 8. exd5 Nxd5 9. O-O Nxc3 10. bxc3 Be7 11. Re1 O-O 12. d5 Na5 13. Bd3 Bg4 14. Qa4 Bxf3 15. gxf3 Bd6 16. Qxa5 Qh4 17. Be3 f5 18. f4 Rf6 19. Kf1 Bxf4 20. Bxf4 Qxf4 21. Re3 Qxh2 22. Rae1 Raf8 23. Re6 f4 24. Rxf6 gxf6 25. Re7 f3 26. Ke1 Qg1+ 27. Bf1 Qg5 28. Kd1 Qg1 29. Qb5 Qxf2 30. Bc4 Kh8 31. Qd7 Qg1+ 32. Kc2 Qh2+ 33. Kb3 f2 34. Bd3 f5 35. Bxf5 1-0

[Event "Corr"]
[Site "?"]
[Date "1995.06.30"]
[Round "?"]
[White "Majewski Jan (POL)"]
[Black "Chorvat Ing.Marian (SVK)"]
[Result "0-1"]
[WhiteElo "2335"]
[BlackElo "2305"]
[PlyCount "122"]
[EventDate "1995.??.??"]
[Source "www.chesslib.no"]
[SourceDate "2004.05.04"]

1. e4 e5 2. Nf3 Nc6 3. Bc4 Bc5 4. c3 Nf6 5. d4 exd4 6. cxd4 Bb4+ 7. Nc3 Nxe4 8. O-O O-O 9. d5 Bxc3 10. bxc3 Ne7 11. Re1 Nf6 12. d6 Nf5 13. Ba3 Nxd6 14. Bxd6 cxd6 15. Qxd6 Ne8 16. Qd5 Nf6 17. Qd6 Ne8 18. Qd2 d6 19. Ng5 Nf6 20. Rad1 d5 21. Bb3 h6 22. Ne4 Bg4 23. Nxf6+ Qxf6 24. f3 Qb6+ 25. Qd4 Be6 26. Bxd5 Bxd5 27. Qxb6 axb6 28. Rxd5 Rxa2 29. f4 Rc8 30. Rd3 Rc2 31. Ree3 Ra8 32. h4 Raa2 33. Rg3 Rd2 34. Rde3 Kf8 35. Re4 b5 36. Re5 Rab2 37. Rc5 b4 38. Rc8+ Ke7 39. cxb4 Rxb4 40. Rxg7 Rxf4 41. Rh7 Rf6 42. Kh2 Ke6 43. h5 Rd5 44. g4 Rd4 45. Kg3 Rd3+ 46. Kg2 Rd6 47. Re8+ Kd7 48. Rf8 Ke7 49. Rhh8 Ke6 50. Re8+ Kd5 51. Re7 b6 52. Rf8 Rf4 53. Kg3 Rdf6 54. Rc8 Rf3+ 55. Kg2 Rf2+ 56. Kg1 R2f4 57. Rg8 b5 58. Re3 b4 59. Kg2 Kd4 60. Rb3 Rb6 61. Kg3 Rf1 0-1

[Event "Southwest Open, San Antonio, Texas"]
[Site "San Antonio"]
[Date "1997.??.??"]
[Round "?"]
[White "Vasquez, Jesse"]
[Black "Roberts, Michael"]
[Result "1-0"]
[WhiteElo "1770"]
[BlackElo "2865"]
[PlyCount "37"]
[EventDate "1997.??.??"]
[Source "www.chesslib.no"]
[SourceDate "2004.05.04"]

1. e4 e5 2. Nf3 Nc6 3. Bc4 Bc5 4. c3 Nf6 5. d4 exd4 6. cxd4 Bb4+ 7. Nc3 Nxe4 8. O-O Bxc3 9. d5 Ne5 10. bxc3 Nxc4 11. Qd4 Ncd6 12. Qxg7 Qf6 13. Qxf6 Nxf6 14. Re1+ Kf8 15. Bh6+ Kg8 16. Re5 Nfe4 17. Re1 f5 18. Re7 Nf7 19. Re8# 1-0

[Event "TCh-Rep. Srpska, Jahorina BIH"]
[Site "?"]
[Date "2001.??.??"]
[Round "7"]
[White "Topic, B."]
[Black "Lekic, D."]
[Result "1/2-1/2"]
[WhiteElo "2240"]
[BlackElo "2390"]
[PlyCount "143"]
[EventDate "2001.??.??"]
[Source "www.chesslib.no"]
[SourceDate "2004.05.04"]

1. e4 e5 2. Nf3 Nc6 3. Bc4 Bc5 4. c3 Nf6 5. d4 exd4 6. cxd4 Bb4+ 7. Nc3 Nxe4 8. O-O Bxc3 9. d5 Bf6 10. Re1 Ne7 11. Rxe4 d6 12. Bg5 Bxg5 13. Nxg5 h6 14. Qe2 hxg5 15. Re1 Be6 16. dxe6 f6 17. Bd3 d5 18. Ra4 Qd6 19. g3 a6 20. b4 c6 21. a3 Rd8 22. Ra5 Rh6 23. Qg4 Kf8 24. Rc5 g6 25. Rc2 Kg7 26. Rf1 Re8 27. Re2 Ng8 28. Rfe1 Re7 29. Qd4 Rh8 30. Qb2 Nh6 31. Qc2 f5 32. f3 Rhe8 33. Qc1 Rxe6 34. Qxg5 Rxe2 35. Rxe2 Rxe2 36. Bxe2 Nf7 37. Qd2 Qe5 38. Kf2 Nd8 39. Qg5 Qd4+ 40. Kf1 Qf6 41. Qf4 Ne6 42. Qb8 Qe7 43. Qe5+ Kf7 44. Kf2 Ng7 45. Qb8 Ne8 46. h4 Nd6 47. Qh8 Qf6 48. Qh6 Ke6 49. Qh7 d4 50. Bd3 Qf7 51. Qh8 Kd5 52. Bb1 c5 53. bxc5 Kxc5 54. Qe5+ Qd5 55. Qxd5+ Kxd5 56. g4 Ke5 57. Kg3 b5 58. Bc2 a5 59. h5 gxh5 60. gxh5 Nf7 61. f4+ Kf6 62. a4 Nd6 63. axb5 Nxb5 64. Kf3 Nc3 65. h6 a4 66. Bxf5 a3 67. Be6 Kg6 68. f5+ Kxh6 69. f6 Kg6 70. f7 Kg7 71. Bc4 Kf8 72. Be6 1/2-1/2

[Event "Buenos Aires JM ITT1"]
[Site "Buenos Aires ARG"]
[Date "1995.??.??"]
[Round "?"]
[White "Fabrega, Enrique"]
[Black "De Souza, Mauro Guimaraes"]
[Result "0-1"]
[WhiteElo "2275"]
[BlackElo "2355"]
[PlyCount "58"]
[EventDate "1995.01.??"]
[Source "www.chesslib.no"]
[SourceDate "2004.05.04"]

1. e4 e5 2. Nf3 Nc6 3. Bc4 Bc5 4. c3 Nf6 5. d4 exd4 6. cxd4 Bb4+ 7. Nc3 Nxe4 8. O-O Nxc3 9. bxc3 d5 10. Re1+ Be7 11. Bb5 O-O 12. Bxc6 bxc6 13. Ne5 Bd7 14. Qa4 Bd6 15. Nxd7 Qxd7 16. c4 Rfe8 17. Bd2 dxc4 18. Qxc4 h6 19. Be3 Re6 20. Rac1 Rae8 21. g3 Be7 22. Red1 Bg5 23. Bd2 Rd6 24. f4 Rxd4 25. Qxc6 Qxc6 26. Rxc6 Be7 27. Rxc7 Bb4 28. Bxb4 Rxd1+ 29. Kf2 a5 0-1